| 000 | 00421nam a2200157Ia 4500 | ||
|---|---|---|---|
| 999 |
_c8221 _d8221 |
||
| 020 | _a9781409418597 | ||
| 082 | _a340.1 ASH- | ||
| 245 | 0 | _aAshgate research companion to feminist legal theory | |
| 260 |
_aSurrey _bAshgate Publishing _c2013 |
||
| 300 | _axi, 423 | ||
| 650 |
_aWOMEN _vLEGAL STATUS,LAWS,ETC. |
||
| 650 | _aFEMINIST JURISPREDENCE | ||
| 700 | _aMunro, Vanessa E | ||
| 700 | _aDavies, Margaret | ||
| 942 | _cBK | ||